| 000 | 00806nab a2200265 a 4500 | ||
|---|---|---|---|
| 005 | 20210219160748.0 | ||
| 008 | 991125s1985 mx 000 0 spa u | ||
| 035 | _aUPN01000172037 | ||
| 100 | 1 | _aGórriz, Ana Belén | |
| 222 | _aINFANCIA Y APRENDIZAJE = | ||
| 222 | _bJOURNAL FOR THE STUDY OF EDUCATION AND DEVELOPMENT | ||
| 245 | _aComprensión de la mente y habilidades comunicativas en niños rechazados por sus iguales | ||
| 260 | _aMadrid, España | ||
| 300 | _a17-32 | ||
| 362 | 0 | _a2009 Vol. 32, no. 1, feb. | |
| 653 | 0 | _aRECHAZO ENTRE IGUALES | |
| 653 | 0 | _aCREENCIA FALSA | |
| 653 | 0 | _aCOMPETENCIAS COMUNICATIVAS | |
| 653 | 0 | _aTEORIA DE LA MENTE | |
| 700 | 1 | _aVillanueva, Lidón, | |
| 700 | 1 | _ecoaut. | |
| 700 | 1 | _aClemente, Rosa Ana, | |
| 700 | 1 | _ecoaut. | |
| 905 | _aArticulo | ||
| 999 |
_c144141 _d144141 |
||